000 00560nam a2200193 4500
001 113569
003 ES-MaACL
005 20230906185937.0
007 t|
008 061121s1956 sp r ||||1| spa d
100 0 _aNoel, Eugenio,
_d1885-1936
_985823
245 1 0 _aNovelas escogidas /
_cEugenio Noel.
260 _aMadrid :
_b[s.n.],
_c1956 (
_fGráfs. C.I.O.)
300 _a497 p. :
_bil. ;
_c18 cm.
490 1 _aEl grifón de plata
830 0 _aEl grifón de plata
_9183368
852 _aES-MaACL
_jC-10761
_bR.39073
999 _c113569
_d113569